Bayer 04 Leverkusen Kader 25/26 - Statistiken

Allgemein
  • Dieses Quiz wurde 201 mal gespielt
  • Das Durchschnittsergebnis liegt bei 18 aus 26
Antwortstatistiken
Rückennummer Position Spieler % Korrekt
1 TW Mark Flekken
97%
8 ZDM Robert Andrich
95%
14 ST Patrik Schick
93%
12 IV Edmond Tapsoba
91%
20 LV Alejandro Grimaldo
89%
25 ZM Exequiel Palacios
83%
24 ZM Aleix García
78%
4 IV Jarell Quansah
78%
10 ZOM Malik Tillman
77%
23 RF Nathan Tella
77%
35 ST Christian Kofane
76%
30 ZOM Ibrahim Maza
76%
5 IV Loïc Badé
75%
19 RF Ernest Poku
72%
7 ZOM Jonas Hofmann
70%
13 RV Arthur
67%
28 TW Janis Blaswich
63%
6 ZDM Equi Fernández
60%
36 TW Niklas Lomb
60%
11 LF Martin Terrier
54%
21 RV Lucas Vázquez
50%
16 IV Axel Tape
49%
17 LF Eliesse Ben Seghir
48%
44 IV Jeanuël Belocian
48%
9 ZOM Claudio Echeverri
45%
18 ST Alejo Sarco
34%
Keine übereinstimmenden Quizze gefunden
Verteilung der Resultate
Anzahl Personen mit jedem Resultat
Perzentil nach korrekt beantworteten Fragen
Ihre Resultats-Entwicklung
Sie haben dieses Quiz noch nicht gespielt